01435nam a2200217Ia 450000500170000000800410001702000150005805000220007310000260009524500380012125000170015926000460017630000220022250000510024450001280029550506490042365000410107265000160111370000430112985600450117220231102151235.0160407s2006 mx a|||| |||| 00| 0 spa d a9702607574 aTJ255bR6518 2006 aRolle, Kurt C.eautor aTermodinámicac / Kurt C. Rolle a6a edición aMéxicob : Pearson Educaciónc , 2006 axv, 611 páginas aTraducción de: Thermodynamics and heat power aIncluye: Dedicatoria Prefacio Tabla de contenido Apéndices Respuestas a los problemas seleccionados Índice alfabético aIntroducción. El sistema termodinámico. Trabajo, calor y reversibilidad. Conservación de masa y primera ley de la termodinámica. Ecuaciones de estado y calorimetría. Procesos. Máquinas térmicas y la segunda ley de la termodinámica. Disponibilidad y trabajo útil. El motor de combustión interna y los ciclos Otto y Diesel. Turbinas de gas, propulsión a reacción y el ciclo Brayton. Generación de electricidad con vapor y el ciclo Rankine. Refrigeración y bombas de calor. Mezclas. Mezclas reaccionantes y combustión. Transferencia de calor. Calefacción y acondicionamiento de aire. Otros dispositivos de potencia. aTERMODINAMICAxESTUDIO Y ENSEÑANZA aTERMOTECNIA aGonzález y Pozo, Virgilioetraductor a[PTA{}]www.pearsoneducacion.net/rolleÌ